000 00965cam a22003014a 4500
001 14656425
005 20201128013548.0
008 061205t2007 ne ak frb 001 0 eng d
010 _a 2006287016
020 _a9780120884216 (pbk. : alk. paper)
020 _a0120884216 (pbk. : alk. paper)
040 _aDLC
_cDLC
_dDLC
082 0 4 _a004.165
_222
_bSWE
100 1 _aSweetman, Dominic.
_92643
245 1 0 _aSee MIPS run /
_cDominic Sweetman.
246 3 4 _aSee MIPS run Linux
250 _a2nd ed.
260 _aAmsterdam :
_bMorgan Kaufmann Publishers / Elsevier,
_cc.2007.
300 _axix, 492 p. :
_bforms, tables ;
_c24 cm.
500 _aIndex : p. 481-492.
504 _aBibliography : p. 477-479.
650 0 _aMIPS (Computer architecture)
_92644
650 0 _aRISC microprocessors
_9844
650 0 _aEmbedded computer systems
_xProgramming
_92646
653 _bEle
_cJanuary2014
655 _vreading book
_934232
942 _2ddc
_k004.165 SWE
999 _c11092
_d11092